| 000 | 01009cad a22002535a 4500 | ||
|---|---|---|---|
| 001 | L151379 | ||
| 008 | 101029e20100925xxk 000 0 eng d | ||
| 035 | _a(Sirsi) u151379 | ||
| 041 | 0 | _aeng | |
| 100 | 1 | _aThame, David | |
| 245 | 0 | 0 |
_aFocus _bSurrey, Sussex and Kent |
| 260 | _c2010 | ||
| 490 |
_aEstates Gazette _v(1038) 25 September 2010, 81-97(11) |
||
| 520 | _aOverview of projects. Includes information on Kent infrastructure development where planners are still optimistic despite the cutbacks. Also features key developments sites in Tunbridge Wells, the effect of the abolition of the Croydon Economic Development Company and the ending of the pioneering partnership between Mid Sussex Council and developer Thornfield. | ||
| 590 | _aKA | ||
| 651 | 4 | _aKent | |
| 651 | 4 | _aSurrey | |
| 651 | 4 |
_aSussex _y1888- |
|
| 690 | _aPROPERTY-COMMERCIAL PROPERTY-COMMERCIAL PROPERTY MARKET | ||
| 700 | 1 | _aMorrison, Adrian | |
| 700 | 1 | _aCunningham, Daniel | |
| 700 | 1 | _aMeadwell, Stacey | |
| 942 | _n0 | ||
| 999 |
_c82787 _d82787 |
||